000 00285nam a22001337a 4500
008 171202b xxu||||| |||| 00| 0 eng d
020 _a9780887308291
041 _aeng
080 _a32
100 _a18
101 _aSHP
245 _aUNBRIDLED POWER
_cDAVIS, SH.L
942 _2udc
_cBK
999 _c38762
_d38762